000 00322nam a22001457a 4500
003 OSt
005 20160727222357.0
008 160622b xxu||||| |||| 00| 0 eng d
040 _cTEST
100 _9578
_aHoff, B
245 _aThe tao of Poah
260 _aN.Y
_bDutton
_c1956
300 _aThe tao of Poah
942 _2ddc
_cBK
999 _c479
_d479